000 00879nam a2200289 i 4500
003 EG-GICUC
005 20260208114451.0
008 260208s1937 fr ||||fr ||| 00| 0 fre d
040 _aEG-GICUC
_cEG-GICUC
_dEG-GICUC
_erda
_bfre
041 0 _afre
082 0 4 _221
_a341.81062
_bGI . N
092 0 4 _221
099 _aLaw1 12 341.81062 GI . N 1937
100 1 _aGidel,M.Gilbert
_eAuteur
245 _aLa Nationalité Égyptienne /
_cM.Gilbert Gidel .
264 0 _aParis :
_bLibrairie Nizet Et Bastard ,
_c1937 .
300 _a231 Pages;
_c30 cm.
336 _atext
_2rda content
337 _aComputer
_2rda media
338 _aOnline Resource
_2rda carrier
546 _aTexte en français
650 0 4 _aDroit International Privé
650 0 4 _aNationalité
856 _uhttps://fll.law.cu.edu.eg/fulltext/th/B12-02465.pdf
905 _a59
942 _2ddc
_cBK
_e21
_n0
999 _c61510
_d61510